Представление документа в формате MARC21

Поле Инд. ПП Название Значение
Тип записи a
Библиографический уровень a
001 Контрольный номер ae51c553626d457d8ef61cbf68f23c44
005 Дата корректировки 20221206132331.0
041 0_ a Код языка текста rus
080 a Индекс УДК 81.322
097 b Оператор *Т*
100 1_ a Автор Лебедева А.И.
245 10 a Заглавие Оценка эффективности алгоритма кластеризации Mean Shift
b Продолж. заглавия статья
p Название части/ раздела - Текст : электронный
260 a Место издания Тверь
b Издательство ТвГТУ
520 0_ a Аннотация в статье рассматривается один из методов кластеризации – Mean Shift. Приводится описание входной выборки документов для кластеризации. Указывается зависимость результата от параметров метода, дается оценка точности кластеризации документов.
653 0_ a Ключевые слова кластеризация, сдвиг среднего значения, Text Mining
773 18 w Контрольный № источника ee5ee90ba01244638c9e028a88440eef
t Название источника Теоретические исследования и экспериментальные разработки студентов и аспирантов : материалы Всероссийской (национальной) научно-практической конференции, 2022 г., Тверь : в 2 частях / под редакцией Т.Б. Новиченковой
d Место и дата издания Тверь : Тверской государственный технический университет, 2022
g Прочая информация Ч. 1. - С. 102-107
773 18 z ISBN 978-5-7995-1232-3
901 t Тип документа a
905 a Дата создания записи 27.10.22
950 a Редактор записи вт